Química general; una introducción a la química descriptiva y a la moderna teoíia química /

Guardado en:
Autor Principal: Pauling, Linus
Formato: Libro
Publicado: Madrid : Aguilar, 1964
Edición:7a. ed.
Materias:
Etiquetas: Agregar Etiqueta
Sin Etiquetas, Sea el primero en etiquetar este registro!
LEADER 00603nam a22002055a 4500
001 CEM.cems004928
005 20060217000000.0
008 130507s1964##################000#0#####d
003 CEMS
082 0 4 |a 540 
100 1 |a Pauling, Linus 
245 1 0 |a Química general; una introducción a la química descriptiva y a la moderna teoíia química / 
250 |a 7a. ed. 
260 |a Madrid :  |b Aguilar,  |c 1964 
300 |a 694 p. 
653 |a Química 
653 |a Química general 
653 |a Química inorganica 
653 |a Teoria cuantica 
859 |a CEMS  |b BIB. CEMS - 11 de abril  |h 540  |i P284a7  |p 8187.80  |t Ej.1